Quizzes
Events
Quiz Creation
Community
Videos
Private Events
Remove Ads
Sign In
Join for FREE
Feedback
Dark Mode
Quiz Categories
Sports
Geography
Music
Movies
Television
Just For Fun
Miscellaneous
History
Literature
Language
Science
Gaming
Entertainment
Religion
Holiday
For Kids
Quiz Lab
Recent
Popular Today
Quiz Kudos Today
Editor Picks
Curator Picks
Quizzes by...
Day
Popularity
Type
Ratings
Length
Year
Community
Subscriptions
Recent Discussions
Orange Saloon
Badges
Playlists
Quests
Create
Leaderboards
Showdown
Live 5
Trivia Bingo
Activity
Puzzle Library
Sporcle Events
Private Events
Virtual Trivia
Globe League
Become a Host
Pub Owners
SporcleCon
Opinionation
Our Games
Videos
Blog
Mobile Apps
Partnerships
Remove Ads and Go Orange
Feedback
Religion
Mythology
Religious Music
World Religions
Bible
Christianity
Catholicism
Judaism
Church
Scripture
Islam
Verse
Religion
Mythology
Religious Music
World Religions
Bible
Christianity
Catholicism
Judaism
Church
Scripture
Islam
Verse
Random Quiz
Search Sporcle
×
Quiz Lab
Quiz Lab
Religion
Verse
Type in answers that appear in a list
Type in answers that appear in a list
Classic
Best Score? Go Orange.
People in the Book of Mormon Stats
Can you name the people in the Book of Mormon?
By
ericorton
10m
20 Questions
327 Plays
327 Plays
327 Plays
Comments
Comments
Give Quiz Kudos
Give Quiz Kudos
-
- Ratings
hide this ad
Replay
Link that replays current quiz
Next Quiz
Link to next quiz in quiz playlist
You Got
0%
They Got
Avg Score
58%
Avg Friend Score
Upgrade to see
Score Distribution
Jump to the score distribution portion of the page
Score
0/20
Timer
10:00
0
Plays Today
Verse Text
Person Referenced
% Correct
And now I … being a man large in stature, and also having received much strength of the Lord, therefore I did seize upon the servant … and held him, that he should not flee.
Nephi
96.3%
I am the light and the life of the world; and I have drunk out of that bitter cup … and have glorified the Father in taking upon me the sins of the world
Jesus Christ
83.8%
When ye are about twenty and four years old … go up to the land Antum, unto a hill which shall be called Shim; and there have I deposited unto the Lord all the sacred engravings
Mormon
82.9%
Behold I went to hunt beasts in the forests; and the words which I had often heard my father speak concerning eternal life, and the joy of the saints, sunk deep into my heart.
Enos
75.8%
O that thou mightest be like unto this valley, firm and steadfast, and immovable in keeping the commandments of the Lord!
Lemuel
74.3%
I cried within my heart: O Jesus, thou Son of God, have mercy on me … when I thought this … I was harrowed up by the memory of my sins no more … my soul was filled with joy
Alma the Younger
70.9%
He has wherewith that he can look, and translate all records that are of ancient date … And behold, the king of the people who are in the land of Zarahemla is the man
King Mosiah
70%
Yea, verily, verily I say unto you, if all men had been, and were, and ever would be, like unto _
_
_
_
_
, behold, the very powers of hell would have been shaken forever
Captain Moroni
66.7%
They had all fallen to the earth, save it were one of the Lamanitish women … she having been converted unto the Lord for many years
Abish
62.4%
And it came to pass that _
_
_
_
_
stole privily into the tent of the king, and put a javelin to his heart; and he did cause the death of the king immediately
Teancum
61.8%
Verse Text
Person Referenced
% Correct
_
_
_
_
_
came among them in disguise, that they knew him not, and began to prophesy … they have hardened their hearts against my words … therefore, I will visit them in my anger
Abinadi
61.5%
If thou shalt deny again, behold God shall smite thee, that thou shalt become dumb … that thou shalt not deceive this people any more.
Korihor
60.6%
For there was one … who was exceedingly expert in many words, and also in his craft, to carry on the secret work of murder and of robbery; therefore he became the leader
Gadianton
59.9%
He being a strong man and an enemy to the king, therefore he drew his sword, and swore in his wrath that he would slay the king. And … the king … ran and got upon the tower
Gideon
52%
He should only live to see the fulfilling of the prophesies which had been spoken concerning another people receiving the land … and _
_
_
_
_
should receive a burial by them
Coriantumr
46.2%
His mind also was exceedingly sore because of his iniquities; and when he saw them … he besought them that they would heal him … and Alma baptized _
_
_
_
_
unto the Lord
Zeezrom
44.6%
Thou are not only guilty of priestcraft, but hast endeavored to enforce it by the sword … they carried him upon the top of the hill … and there he suffered an ignominious death
Nehor
44%
I … write what few things I write, in the same book with my brother; for behold, I saw the last which he wrote … and he wrote it in the day that he delivered them unto me
Chemish (brother of Amaron)
24.8%
Even as this scalp has fallen to the earth, which is the scalp of your chief …
Zerahemnah
23.5%
And their leader … was taken and hanged upon a tree, yea, even upon the top thereof until he was dead. And when they had hanged him until he was dead they did fell the tree
Zemnarihah
15%
Quiz Playlist
Details
Report
Send in Message
Add To Playlist
Classic:
Type in answers that appear in a list
Quiz Source
Last Updated: Feb 16, 2017
Quiz Scoreboard
CHALLENGE
Sign Up to Join the Scoreboard
Show All
Scores
Hide
Comments
May contain spoilers
Recently Published
An Introduction to Baseball
by treessimontrees
Sports
5m
Movies - When Are They Set?
by FPL_Elf
Movies
5m
Popular People in 1961
by mucciniale
History
6m
More to Explore
Quiz From the Vault
Featured Blog Post
Where Did the Easter Bunny Come From?
hide this ad
You Might Also Like...
Tags
Book Quiz
Verse Quiz
mormon
Person
Referenced
Text
Today's Top Quizzes in Religion
Browse Religion
hide this ad
Today's Top Quizzes in Verse
Browse Verse
Top Contributed Quizzes in Religion
1
5-to-1: Children of Gods
2
5-to-1: European Churches
3
10 to 1: Islam
4
Order Up: Seven Last Words of Christ
5
One Thing in Common: Mythology
6
Religion Who Wants To Be A Millionaire
7
10 to 1: Protestantism
8
One Thing in Common: Mythology II
9
Prime Time: Religion
10
10 to 1: Norse Religion
Explore More
Trending Topics
Disney
Harry Potter
Marvel
NBA
Anime
Crossword
Kpop
Song
Pokémon
Soccer
NFL
Puzzle
The Office
Country
WWE
hide this ad
More By:
ericorton
Quiz
Plays
Rating
Category
Featured
Created
People in the Book of Mormon
327
5.00
Religion
Apr 12, 2010
Go to Creator's Profile
Score Distribution
Quiz Creator Spotlight
ericorton
Follow
Send a Message
Quizzes Created
-
Created Quiz Play Count
-
More By This Creator
Popular Quizzes Today
1
Find the Countries of Europe - No Outlines Minefield
2
Find the US States - No Outlines Minefield
3
The Countries of the World
4
Popular People in 1961
5
Find the US States
6
US States
7
1-10 Letter E Words III
8
Risky Map Clicking: Biggest States A-Z
More Religion Quizzes
Mythology in Media: Artemis
Quiz Lab
Trending Quizzes
Risky Map Clicking: Least Populous States A-Z
1-10 Letter F Words
1-10 Letter G Words
One Thing in Common: United Kingdom
Risky Map Clicking: Next State Alphabetically
Recently Updated
Leaping Animals
pecheneg
Reality TV Shows (A-Z)
bhenderson79
Rickey Henderson's Hall of Fame Teammates
pecheneg
Champions League XIs: Arsenal
pecheneg
Quick Pick: Celebrities in WWE's Hall of Fame
aduchscher
A-Z Keypad Blitz II
pecheneg
Multiple Oscar Actors
pecheneg
Mystery Phrase Blitz: Oscar 'Best Actors'
pecheneg
F. Scott Fitzgerald Novels
LTH
Pick 3 Villains
ddd62291
Trending Topics
Crossword
Harry Potter
Kpop
NBA
Disney
Marvel
Anime
NFL
Puzzle
Soccer
Song
Country
The Office
WWE
Pokémon
Your Account Isn't Verified!
In order to create a playlist on Sporcle, you need to verify the email address you used during registration. Go to your
Sporcle Settings
to finish the process.
Report this User
Report this user for behavior that violates our
Community Guidelines
.
Details:
Send Report
Go to the Sporcle.com Mobile Site →
Comments